Csanád vármegye politikai viszonyai az 1840-es évek második felében

Elmentve itt :
Bibliográfiai részletek
Szerző: Deák Ádám
Dokumentumtípus: Cikk
Megjelent: 2025
Sorozat:Aetas 40 No. 1
Kulcsszavak:Politikai élet - Csanád vármegye - 1840-es évek, Csanád vármegye története - 1840-es évek, Magyarország története - 1840-es évek
Tárgyszavak:
Online Access:http://acta.bibl.u-szeged.hu/89841
LEADER 00824nab a2200205 i 4500
001 acta89841
005 20260312124412.0
008 260312s2025 hu o 000 hun d
022 |a 0237-7934 
040 |a SZTE Egyetemi Kiadványok Repozitórium  |b hun 
041 |a hun 
100 1 |a Deák Ádám 
245 1 0 |a Csanád vármegye politikai viszonyai az 1840-es évek második felében  |h [elektronikus dokumentum] /  |c  Deák Ádám 
260 |c 2025 
300 |a 5-21 
490 0 |a Aetas  |v 40 No. 1 
650 4 |a Bölcsészettudományok 
650 4 |a Történettudomány és régészet 
695 |a Politikai élet - Csanád vármegye - 1840-es évek, Csanád vármegye története - 1840-es évek, Magyarország története - 1840-es évek 
856 4 0 |u http://acta.bibl.u-szeged.hu/89841/1/aetas_2025_001_005-021.pdf  |z Dokumentum-elérés